LIBRARY & INFORMATION CENTRE, KCAET, TAVANUR

ONLINE PUBLIC ACCESS CATALOGUE (OPAC)

Acid soil management / (Record no. 7307)

MARC details
000 -LEADER
fixed length control field 00498cam a2200205ua 4500
041 ## - LANGUAGE CODE
Language code of text/sound track or separate title eng
082 ## - DEWEY DECIMAL CLASSIFICATION NUMBER
Classification number 631.42068
Item number MOH/AC
100 ## - MAIN ENTRY--AUTHOR NAME
Personal name Mohsin, M A .
245 ## - TITLE STATEMENT
Title Acid soil management /
250 ## - EDITION STATEMENT
Edition statement 1 /
260 ## - PUBLICATION, DISTRIBUTION, ETC. (IMPRINT)
Place of publication New Delhi :
Name of publisher Kalyani Publishers ,
Year of publication 1995.
300 ## - PHYSICAL DESCRIPTION
Number of Pages 435 ; .
700 1# - ADDED ENTRY--PERSONAL NAME
Personal name Mathur, B S .
700 1# - ADDED ENTRY--PERSONAL NAME
Personal name Sarkar, A K .
942 ## - ADDED ENTRY ELEMENTS (KOHA)
Koha item type Books
Holdings
Withdrawn status Lost status Damaged status Home library Current library Date acquired Full call number Accession Number Koha item type
      KAUAET KAUAET 07/04/2012 631.42068 20517 Books
free website counter